000 00221 a2200109 4500
020 _a9789992474235
041 _aspa
100 _aVioleta Barreto Arias
245 _aLengua y literatura 5to
942 _cBK
952 _71
999 _c22190
_d22190